La morale d'Aristote / (Record no. 71189)

MARC details
000 -LEADER
campo de control de longitud fija 00648nam a2200217 i 4500
001 - NÚMERO DE CONTROL
campo de control 71189
003 - IDENTIFICADOR DE NÚMERO DE CONTROL
campo de control ES-MaACL
005 - FECHA Y HORA DE LA ÚLTIMA TRANSACCIÓN
campo de control 20230906171045.0
007 - CAMPO FIJO DE DESCRIPCIÓN FÍSICA--INFORMACIÓN GENERAL
campo de control de longitud fija t|
008 - DATOS DE LONGITUD FIJA--INFORMACIÓN GENERAL
campo de control de longitud fija 040806s1973 fr ||||1| fre d
100 1# - ENTRADA PRINCIPAL--NOMBRE DE PERSONA
Nombre de persona Gauthier, René-Antoine.
9 (RLIN) 56039
245 13 - MENCIÓN DEL TÍTULO
Título La morale d'Aristote /
Mención de responsabilidad, etc. René-Antoine Gauthier.
250 ## - MENCION DE EDICION
Mención de edición [3ª ed. rev. et corr.].
260 ## - PUBLICACIÓN, DISTRIBUCIÓN, ETC.
Lugar de publicación, distribución, etc. Paris :
Nombre del editor, distribuidor, etc. Presses Universitaires de France,
Fecha de publicación, distribución, etc. 1973.
300 ## - DESCRIPCIÓN FÍSICA
Extensión 142 p. ;
Dimensiones 18 cm.
490 1# - MENCIÓN DE SERIE
Mención de serie Le philosophe ;
Designación de volumen o secuencia 34
504 ## - NOTA DE BIBLIOGRAFÍA, ETC.
Nota de bibliografía, etc. Bibliografía: p. 140-142.
830 0# - PUNTO DE ACCESO ADICIONAL DE SERIE-TÍTULO UNIFORME
Título uniforme Le philosophe ;
Designación de volumen o secuencia 34
9 (RLIN) 229538
852 ## - LOCALIZACIÓN
Ubicación ES-MaACL
Número de control de estantería L-11725
Sublocalización o colección R.113247
Holdings
Estatus retirado Estado de pérdida Estado de daño No para préstamo Biblioteca de origen Biblioteca actual Ubicación en estantería Fecha de adquisición Fuente de adquisición Total de préstamos Signatura topográfica completa Código de barras Visto por última vez Precio de reemplazo Tipo de ítem Koha
        Biblioteca del Ateneo de Madrid Biblioteca del Ateneo de Madrid Depósito 2 17/01/2008     L-11725 1074539 23/02/2023 23/02/2023 Libro impreso